00662nam a2200169 a 450000100100000000500170001000800410002704000250006808200150009310000350010824501080014326000590025130000200031059000260033095201190035699900170047500001602620200929164237.0100223s1912 dr 000 0 spa d aDO-SdBNPbspacBNPHU axxxbR696a1 aRodríguez, C. Armando92613314aLos atropellos de la guardia republicana y la actitud del procurador general /cC. Armando Rodríguez. aSanto Domingo :bImprenta J. R. Viuda García,c1912. a28 p. ;c25 cm. aInventariado, 2019/VM 00102ddc718PDaPDbPDcHDd2010-02-23iLF1l0o363.2097293 R696ap16026-10r2020-06-25w2020-06-25yLFPD c15568d15568